| 000 | 00669nam a2200229Ia 4500 | ||
|---|---|---|---|
| 003 | GCL | ||
| 008 | 140319s9999 xx 000 0 ara d | ||
| 040 |
_aGCL / _cGCL |
||
| 082 | 0 | 4 |
_aق _b932 _bح د |
| 100 | 1 | _aحسن صبحى بكرى | |
| 245 | 1 | 0 |
_aدليل اثار الاقصر / _cحسن صبحى بكرى |
| 260 |
_a[S.N] : _bالجهاز المركزى للكتب الجامعية والمدرسية ، _c1978 |
||
| 300 | _a107 ص | ||
| 490 | _a | ||
| 650 | 0 | 4 | _aمصر |
| 650 | 0 | 4 | _aتاريخ |
| 650 | 0 | 4 | _aمصر القديمة |
| 650 | 0 | 4 | _aالاثار الفرعونية |
| 650 | 0 | 4 | _aالاثار |
| 650 | 0 | 4 | _aالاقصر |
| 942 |
_2ddc _cBK |
||
| 999 |
_c52755 _d52755 |
||